Functional outcome and quality of life after coloanal anastomosis

Bibliographic Details
Main Author: Pavalkis, D. (Author)
Format: Article
Language:Slovak
English
ISSN:1335-2954
Subjects:

MARC

LEADER 00000nab a2200000 a 4500
001 vtls000874805
003 SK-MaSNL
005 20260304122019.0
008 250429c2004 xo 0 slo
015 |a SNBRB2004/06-17269 
035 |a CLN000226357 
035 |a urn:nbn:sk:snk-abslj 
035 |a (urnnbn)urn:nbn:sk:snk:ar-a06aoe 
035 |a (uuid)e0da2336-b5ed-4cd8-b338-b08639814082 
040 |a SNKBUCL  |b slo  |c SNKBUCL  |e AACR2 
041 0 |a eng 
044 |a xo  |c SK 
080 |a 616.348/.352-006:616-089.843:061.3  |2 1997 
100 1 |a Pavalkis, D.  |4 aut  |9 1427518 
245 1 0 |a Functional outcome and quality of life after coloanal anastomosis  |c D. Pavalkis 
650 0 7 |a črevo hrubé  |x patológia  |x chirurgia  |2 MESH  |9 1427519 
650 0 7 |a nádory intestinálne  |x diagnostika  |x patológia  |x chirurgia  |2 MESH  |9 1427520 
650 0 7 |a anus, nádory  |x patológia  |x chirurgia  |2 MESH  |9 1427521 
650 0 7 |a abstrakty z kongresu  |2 MESH  |9 168204 
650 0 7 |a anastomóza chirurgická  |x metódy  |x využitie  |2 MESH  |9 839835 
650 0 7 |a kvalita života  |x psychológia  |2 MESH  |9 874457 
655 7 |a články z novín a časopisov  |2 snkbucl  |9 267496 
773 0 |t Slovenský chirurg  |g Roč. 8, č. 1 (2004), s. 36  |x 1335-2954 
850 |a Slovenská národná knižnica 
852 |a Slovenská národná knižnica 
958 |a article27 
958 |a MI 
958 |a OND 
958 |a EUIPO 
999 |c 2887886  |d 2889816